000 00667nam a2200181Ia 4500
008 090123s9999 xx 000 0 und d
082 _b4807
100 _aचौधरी बनवारीलाल
245 _aपपईची लागवड आणि व्यापार
250 _a0
260 _bउद्यम प्रकाशन
_c1977
300 _a63
600 _aचौधरी बनवारीलाल
630 _aपपईची लागवड आणि व्यापार
700 _aचौधरी बनवारीलाल
730 _aपपईची लागवड आणि व्यापार
942 _cBOOK
999 _c42882
_d42882